[Event "NZL-ch op 126th"]
[Site "Auckland"]
[Date "2019.01.21"]
[Round "8"]
[White "Brockman, Roland"]
[Black "Goormachtigh, Laurens"]
[Result "0-1"]
[WhiteElo "1496"]
[BlackElo "1881"]
[PlyCount "148"]
[EventDate "2019.01.14"]
[EventType "swiss"]
[EventRounds "9"]
[EventCountry "NZL"]
[SourceTitle "CBM 188 Extra"]
[Source "ChessBase"]
[SourceDate "2019.02.26"]
[SourceVersion "1"]
[SourceVersionDate "2019.02.26"]
[SourceQuality "1"]

1. d4 Nf6 2. Nf3 g6 3. c4 c5 4. d5 b5 5. cxb5 a6 6. bxa6 Bg7 7. Nc3 0-0 8. e4 Qa5 9. Bd2 d6 10. Bd3 Bxa6 11. Bxa6 Qxa6 12. Qe2 Nbd7 13. Qxa6 Rxa6 14. Ke2 Rb8 15. Rhb1 c4 16. Be3 Ng4 17. Bd4 Nge5 18. Nd2 Bh6 19. Be3 Bg7 20. Bd4 Nb6 21. f4 Ned7 22. Bxg7 Kxg7 23. b3 cxb3 24. Rxb3 Nc5 25. Rbb1 Rba8 26. Nb3 Nba4 27. Nxa4 Rxa4 28. Nxc5 dxc5 29. Kf3 Ra3+ 30. Ke2 R8a4 31. g3 Rxe4+ 32. Kf2 Rd4 33. Rb7 Kf6 34. Rb3 Rd2+ 35. Kg1 Raxa2 36. Rxa2 Rxa2 37. Rc3 Ra5 38. Kf2 Ra2+ 39. Kg1 Ra5 40. Kf2 h6 41. Kf3 Kf5 42. g4+ Kf6 43. h3 g5 44. fxg5+ hxg5 45. Ke4 Ra4+ 46. Ke3 Ra5 47. Ke4 Rb5 48. Rc1 Rb4+ 49. Kd3 Rb3+ 50. Kc4 Rxh3 51. Kxc5 Rf3 52. d6 exd6+ 53. Kxd6 Rf4 54. Rg1 Rd4+ 55. Kc5 Ke5 56. Rf1 Rf4 57. Rg1 Ke4 58. Kd6 Kf3 59. Ke7 Rxg4 60. Rf1+ Kg2 61. Rxf7 Re4+ 62. Kd6 g4 63. Kd5 Re1 64. Kd4 g3 65. Rg7 Kf2 66. Rf7+ Kg1 67. Kd3 g2 68. Kd2 Rf1 69. Rh7 Kf2 70. Rf7+ Kg3 71. Rg7+ Kf3 72. Rf7+ Ke4 73. Re7+ Kd5 74. Rd7+ Ke6 0-1

[Event "NZL-ch op 126th"]
[Site "Auckland"]
[Date "2019.01.16"]
[Round "3"]
[White "Wang, Kayson"]
[Black "Brockman, Roland"]
[Result "1-0"]
[WhiteElo "1983"]
[BlackElo "1496"]
[PlyCount "83"]
[EventDate "2019.01.14"]
[EventType "swiss"]
[EventRounds "9"]
[EventCountry "NZL"]
[SourceTitle "CBM 188 Extra"]
[Source "ChessBase"]
[SourceDate "2019.02.26"]
[SourceVersion "1"]
[SourceVersionDate "2019.02.26"]
[SourceQuality "1"]

1. d4 d5 2. c4 e6 3. Nf3 Nf6 4. g3 dxc4 5. Qa4+ Nbd7 6. Qxc4 b6 7. Bg2 Bb7 8. Nc3 c5 9. Bf4 a6 10. 0-0 Rc8 11. a3 cxd4 12. Qxd4 Bc5 13. Qd2 0-0 14. b4 Be7 15. Rfd1 b5 16. Rac1 Rc4 17. Ne5 Nxe5 18. Qxd8 Rxd8 19. Rxd8+ Bxd8 20. Bxb7 Nc6 21. Bxa6 Nd4 22. Bxb5 Nxb5 23. Nxb5 Rxc1+ 24. Bxc1 Kf8 25. Bg5 Ke7 26. Bxf6+ gxf6 27. Kg2 Kd7 28. Kf3 Kc6 29. Nc3 Bc7 30. Ke4 Be5 31. Kd3 f5 32. Kc4 f4 33. a4 fxg3 34. fxg3 Bf6 35. a5 Be7 36. b5+ Kb7 37. Na2 Bd6 38. Nb4 f5 39. b6 f4 40. gxf4 Bxf4 41. h3 Bd6 42. Kb5 1-0

[Event "AUS-ch Major"]
[Site "Cammeray"]
[Date "2018.01.06"]
[Round "6"]
[White "Brockman, Roland"]
[Black "Barakat, Martin"]
[Result "0-1"]
[WhiteElo "1591"]
[BlackElo "1707"]
[PlyCount "168"]
[EventDate "2018.01.02"]
[EventType "swiss"]
[EventRounds "11"]
[EventCountry "AUS"]
[SourceTitle "CBM 182 Extra"]
[Source "ChessBase"]
[SourceDate "2018.02.23"]
[SourceVersion "1"]
[SourceVersionDate "2018.02.23"]
[SourceQuality "1"]

1. d4 Nf6 2. Nf3 d6 3. c4 g6 4. Nc3 Bg7 5. g3 0-0 6. Bg2 Nbd7 7. 0-0 c5 8. e4 cxd4 9. Nxd4 a6 10. h3 Qc7 11. Be3 Qxc4 12. Rc1 Qb4 13. Qd2 Ne5 14. a3 Qa5 15. Nd5 Qd8 16. Nxf6+ Bxf6 17. f4 Nd7 18. f5 Ne5 19. fxg6 hxg6 20. Bh6 Bg7 21. Bxg7 Kxg7 22. Nf5+ Bxf5 23. exf5 Qb6+ 24. Kh1 Rac8 25. fxg6 Rxc1 26. Qxc1 fxg6 27. Rxf8 Kxf8 28. Qh6+ Ke8 29. Qc1 Kd7 30. b4 Qc7 31. Qd1 b5 32. a4 Qc4 33. axb5 axb5 34. Qe1 Nd3 35. Qe2 Qc1+ 36. Kh2 Qc4 37. Qe3 Nxb4 38. Qa7+ Qc7 39. Qd4 Qc5 40. Qg4+ Kc7 41. Qxg6 d5 42. h4 d4 43. Qe4 Nc6 44. Qxc6+ Qxc6 45. Bxc6 Kxc6 46. h5 d3 47. h6 d2 48. h7 d1Q 49. h8Q Qd2+ 50. Kh3 Qd7+ 51. Kh2 e6 52. Qa8+ Kd6 53. Qa3+ Kc7 54. Qa7+ Kd8 55. Qa8+ Ke7 56. Qa3+ Qd6 57. Qa7+ Kf6 58. Qf2+ Kg6 59. Qc2+ Kg5 60. Qc1+ Kg4 61. Qe1 b4 62. Qe4+ Kg5 63. Qh4+ Kf5 64. Qh5+ Ke4 65. Qe2+ Kd4 66. Qd2+ Kc5 67. Qc2+ Kb6 68. Qf2+ Qc5 69. Qe2 e5 70. Qa2 Qc3 71. Qe6+ Kc5 72. Qe7+ Kc4 73. Qe6+ Kd3 74. Qd5+ Kc2 75. Qa2+ Kc1 76. Qa6 b3 77. Qf1+ Kc2 78. Qf5+ Kb2 79. Kh3 Qd4 80. g4 Qe3+ 81. Kh4 Qh6+ 82. Kg3 Qf4+ 83. Qxf4 exf4+ 84. Kxf4 Kc3 0-1

[Event "AUS-ch Major"]
[Site "Cammeray"]
[Date "2018.01.03"]
[Round "2"]
[White "Brockman, Roland"]
[Black "Trofimovs, Joel"]
[Result "0-1"]
[WhiteElo "1591"]
[BlackElo "492"]
[PlyCount "44"]
[EventDate "2018.01.02"]
[EventType "swiss"]
[EventRounds "11"]
[EventCountry "AUS"]
[SourceTitle "CBM 182 Extra"]
[Source "ChessBase"]
[SourceDate "2018.02.23"]
[SourceVersion "1"]
[SourceVersionDate "2018.02.23"]
[SourceQuality "1"]

1. d4 d5 2. Nf3 Nf6 3. e3 Nc6 4. c4 e6 5. Nc3 Bb4 6. Bd3 0-0 7. 0-0 Bxc3 8. bxc3 Ne4 9. Qc2 f5 10. cxd5 exd5 11. Ba3 Re8 12. Rab1 Qf6 13. c4 dxc4 14. Bxc4+ Kh8 15. Rfd1 Rb8 16. Bb5 Bd7 17. d5 Ne5 18. Bxd7 Nxd7 19. Qxc7 Red8 20. Nd4 Rbc8 21. Qxb7 Ndc5 22. Rbc1 Nxb7 0-1

[Event "Australian op"]
[Site "Brisbane"]
[Date "2017.01.02"]
[Round "1"]
[White "Cashman, Michael"]
[Black "Brockman, Roland"]
[Result "1-0"]
[WhiteElo "2028"]
[BlackElo "1643"]
[PlyCount "85"]
[EventDate "2017.01.02"]
[EventType "swiss"]
[EventRounds "11"]
[EventCountry "AUS"]
[SourceTitle "CBM 176 Extra"]
[Source "ChessBase"]
[SourceDate "2017.03.02"]
[SourceVersion "1"]
[SourceVersionDate "2017.03.02"]
[SourceQuality "1"]

1. c4 e6 2. Nf3 Nf6 3. g3 d5 4. Bg2 c5 5. 0-0 Nc6 6. b3 Be7 7. Bb2 0-0 8. d3 d4 9. a3 Qc7 10. Nbd2 Rd8 11. Qc2 Rb8 12. e3 dxe3 13. fxe3 Ng4 14. Rae1 Bf6 15. Bxf6 Nxf6 16. Ng5 h6 17. Nge4 Nxe4 18. Nxe4 b6 19. Qc3 e5 20. Qc2 Be6 21. Nc3 Qd7 22. Nd5 Bh3 23. Qf2 Bxg2 24. Kxg2 Rf8 25. Qf3 Ne7 26. e4 Nc6 27. Qh5 f6 28. Qg6 Ne7 29. Qh5 Nc6 30. b4 Nd4 31. Qg6 Qe8 32. Nxf6+ Rxf6 33. Rxf6 Qxg6 34. Rxg6 Nc2 35. Re2 Nxa3 36. bxc5 bxc5 37. Ra2 Rb3 38. Ra6 Nb1 39. Rd6 Nc3 40. Rxa7 Rb2+ 41. Kf3 Rb1 42. Rd8+ Kh7 43. Rdd7 1-0

[Event "Oceania zt"]
[Site "Cammeray"]
[Date "2015.07.08"]
[Round "7"]
[White "Walker, Tyson"]
[Black "Brockman, Roland"]
[Result "1-0"]
[WhiteElo "1872"]
[BlackElo "1685"]
[PlyCount "65"]
[EventDate "2015.07.04"]
[EventType "swiss"]
[EventRounds "9"]
[EventCountry "AUS"]
[SourceTitle "EXT 2017"]
[Source "ChessBase"]
[SourceDate "2016.10.25"]
[SourceVersion "1"]
[SourceVersionDate "2016.10.25"]
[SourceQuality "1"]

1. d4 d5 2. c4 e6 3. Nc3 Be7 4. Nf3 Nf6 5. cxd5 Nxd5 6. e4 Nxc3 7. bxc3 c5 8. Bd3 cxd4 9. cxd4 Bb4+ 10. Bd2 Bxd2+ 11. Qxd2 0-0 12. 0-0 b6 13. e5 Bb7 14. Qf4 f5 15. exf6 Qxf6 16. Qxf6 Rxf6 17. Ng5 Bd5 18. Rac1 Nc6 19. Bxh7+ Kh8 20. Bb1 Nxd4 21. Rc7 Rff8 22. Re1 Rfc8 23. Rf7 Rf8 24. Rd7 Rfc8 25. h4 Kg8 26. h5 Rd8 27. Bh7+ Kf8 28. Rf7+ Ke8 29. Rxg7 Kf8 30. Rf7+ Ke8 31. Bg6 Bxa2 32. h6 Rd7 33. h7 1-0

[Event "Oceania zt"]
[Site "Cammeray"]
[Date "2015.07.04"]
[Round "1"]
[White "Lam, Ross"]
[Black "Brockman, Roland"]
[Result "1-0"]
[WhiteElo "1984"]
[BlackElo "1685"]
[PlyCount "71"]
[EventDate "2015.07.04"]
[EventType "swiss"]
[EventRounds "9"]
[EventCountry "AUS"]
[SourceTitle "CBM 167 Extra"]
[Source "ChessBase"]
[SourceDate "2015.09.14"]
[SourceVersion "1"]
[SourceVersionDate "2015.09.14"]
[SourceQuality "1"]

1. e4 e5 2. Nf3 Nc6 3. Bb5 a6 4. Ba4 d6 5. d3 Bd7 6. c3 Nf6 7. 0-0 Be7 8. Nbd2 0-0 9. Re1 b5 10. Bb3 Na5 11. Bc2 c5 12. Nf1 Nc6 13. h3 Re8 14. Ne3 Bf8 15. Nh2 g6 16. a4 b4 17. Nhg4 Nxg4 18. hxg4 Bh6 19. Bb3 Bxe3 20. Bxe3 Rb8 21. Bd5 bxc3 22. bxc3 Ne7 23. Bg5 Be6 24. Bf6 Bxd5 25. exd5 Qa5 26. c4 Kf8 27. Qf3 Ng8 28. g5 Qc3 29. Qh3 Nxf6 30. gxf6 h5 31. Qe3 Rec8 32. Qh6+ Ke8 33. Qg7 Qxd3 34. Qg8+ Kd7 35. Qxf7+ Kd8 36. Qe7# 1-0

[Event "NZL-ch op 122nd"]
[Site "Auckland"]
[Date "2015.01.08"]
[Round "8"]
[White "Brockman, Roland"]
[Black "Hielscher, Ursula"]
[Result "0-1"]
[WhiteElo "1652"]
[BlackElo "1845"]
[PlyCount "130"]
[EventDate "2015.01.01"]
[EventType "swiss"]
[EventRounds "9"]
[EventCountry "NZL"]
[SourceTitle "CBM 164 Extra"]
[Source "ChessBase"]
[SourceDate "2015.03.02"]
[SourceVersion "1"]
[SourceVersionDate "2015.03.02"]
[SourceQuality "1"]

1. d4 Nf6 2. Nf3 g6 3. e3 Bg7 4. Be2 0-0 5. b3 d5 6. Bb2 Bf5 7. 0-0 Nbd7 8. Nbd2 Rc8 9. c4 dxc4 10. bxc4 c6 11. Nh4 Be6 12. e4 Nb6 13. Rc1 Ne8 14. Nb3 Na4 15. Ba1 Bd7 16. d5 cxd5 17. Bxg7 Nxg7 18. cxd5 Nc3 19. Qe1 Nxe4 20. Qb4 Nd6 21. Nf3 Qe8 22. Rxc8 Bxc8 23. Qd4 a6 24. Rc1 Ngf5 25. Qb6 Qa4 26. Qa5 Qe4 27. Bf1 Qf4 28. Qd2 Qxd2 29. Nfxd2 Rd8 30. g4 Ng7 31. h3 h5 32. f3 Nde8 33. Re1 Kf8 34. Rc1 hxg4 35. fxg4 f5 36. g5 Nh5 37. Nf3 Nf4 38. Ne5 Kg7 39. Kh2 Nxd5 40. Bg2 Nf4 41. Bf1 Be6 42. Bc4 Bxc4 43. Rxc4 Ne6 44. h4 Rd5 45. Nf3 Nd6 46. Rc3 f4 47. Kg2 Nf5 48. Rc1 Ne3+ 49. Kf2 a5 50. Nbd2 Nc5 51. Rb1 e5 52. Nb3 Ne4+ 53. Ke1 Nc2+ 54. Kf1 Ng3+ 55. Kf2 e4 56. Ne1 Nxe1 57. Kxe1 a4 58. Nd2 b5 59. Rb4 e3 60. Ne4 Nf5 61. Nc3 Rc5 62. Nxb5 Rc1+ 63. Ke2 Ng3+ 64. Kf3 e2 65. Re4 Rf1+ 0-1

[Event "NZL-ch op 122nd"]
[Site "Auckland"]
[Date "2015.01.04"]
[Round "4"]
[White "Meng, Richard"]
[Black "Brockman, Roland"]
[Result "0-1"]
[WhiteElo "1106"]
[BlackElo "1652"]
[PlyCount "100"]
[EventDate "2015.01.01"]
[EventType "swiss"]
[EventRounds "9"]
[EventCountry "NZL"]
[SourceTitle "CBM 164 Extra"]
[Source "ChessBase"]
[SourceDate "2015.03.02"]
[SourceVersion "1"]
[SourceVersionDate "2015.03.02"]
[SourceQuality "1"]

1. e4 e5 2. Nf3 Nc6 3. d4 exd4 4. Bc4 Bc5 5. c3 d3 6. Qxd3 d6 7. Ng5 Ne5 8. Qe2 h6 9. Nf3 Bg4 10. Nbd2 Nf6 11. h3 Bxf3 12. Nxf3 Nxc4 13. Qxc4 0-0 14. 0-0 Bb6 15. Be3 Bxe3 16. fxe3 Re8 17. Nd2 d5 18. exd5 Qxd5 19. Rad1 Qxc4 20. Nxc4 b5 21. Na3 a6 22. c4 Rxe3 23. cxb5 axb5 24. Nxb5 Rxa2 25. Nxc7 Rxb2 26. Rf2 Rxf2 27. Kxf2 Rc3 28. Nd5 Nxd5 29. Rxd5 Rc2+ 30. Kg3 Kh7 31. h4 g6 32. Kf3 h5 33. g4 Rc3+ 34. Kg2 hxg4 35. Rg5 f5 36. h5 gxh5 37. Rxf5 Kg6 38. Rf4 Kg5 39. Ra4 Kh4 40. Rb4 Rc2+ 41. Kg1 Kh3 42. Rb5 h4 43. Rb1 g3 44. Ra1 Rc4 45. Rb1 Kg4 46. Kg2 h3+ 47. Kg1 Re4 48. Rc1 h2+ 49. Kh1 Kh3 50. Rc3 Re1# 0-1

[Event "NZL-ch op 122nd"]
[Site "Auckland"]
[Date "2015.01.03"]
[Round "3"]
[White "Brockman, Roland"]
[Black "Maris, Fred A"]
[Result "1/2-1/2"]
[WhiteElo "1652"]
[BlackElo "1519"]
[PlyCount "52"]
[EventDate "2015.01.01"]
[EventType "swiss"]
[EventRounds "9"]
[EventCountry "NZL"]
[SourceTitle "CBM 164 Extra"]
[Source "ChessBase"]
[SourceDate "2015.03.02"]
[SourceVersion "1"]
[SourceVersionDate "2015.03.02"]
[SourceQuality "1"]

1. d4 d5 2. Nf3 Nf6 3. e3 Bg4 4. c4 c6 5. Nc3 a6 6. Qb3 b5 7. cxb5 cxb5 8. Ne5 Bf5 9. Be2 h6 10. 0-0 e6 11. Bd2 Bd6 12. f4 Nfd7 13. Rac1 0-0 14. Nd1 Nxe5 15. fxe5 Be7 16. Bb4 Nd7 17. Bxe7 Qxe7 18. Nf2 Nb6 19. Bd3 Bxd3 20. Nxd3 Nc4 21. Rfe1 Qg5 22. Nc5 Nd2 23. Qd1 Nc4 24. Qe2 Rfc8 25. b3 Nb6 26. Rc2 Qd8 1/2-1/2

[Event "NZL-ch op 122nd"]
[Site "Auckland"]
[Date "2015.01.01"]
[Round "1"]
[White "Brockman, Roland"]
[Black "Schmitz, Andreas Arnold"]
[Result "0-1"]
[WhiteElo "1652"]
[BlackElo "2066"]
[PlyCount "80"]
[EventDate "2015.01.01"]
[EventType "swiss"]
[EventRounds "9"]
[EventCountry "NZL"]
[SourceTitle "CBM 164 Extra"]
[Source "ChessBase"]
[SourceDate "2015.03.02"]
[SourceVersion "1"]
[SourceVersionDate "2015.03.02"]
[SourceQuality "1"]

1. d4 d5 2. Nf3 Nf6 3. e3 Bg4 4. c4 dxc4 5. Bxc4 e6 6. Nc3 a6 7. h3 Bh5 8. g4 Bg6 9. Ne5 Bd6 10. Nxg6 hxg6 11. Bf1 Nbd7 12. Bg2 c6 13. 0-0 g5 14. e4 Bf4 15. Bxf4 gxf4 16. e5 Nh7 17. Ne4 Ng5 18. Nxg5 Qxg5 19. Qb3 0-0-0 20. Rac1 Nb8 21. Qb6 Qe7 22. Rc3 Qc7 23. Qb4 Rd7 24. d5 exd5 25. Qxf4 Re7 26. Qf5+ Nd7 27. f4 Qb6+ 28. Rf2 Kb8 29. Rb3 Qa5 30. a3 f6 31. exf6 Nxf6 32. g5 Nd7 33. Rff3 Rhe8 34. Kh2 Nc5 35. Rbc3 Ne4 36. Rce3 Qc5 37. b4 Qd6 38. Bf1 Nd2 39. Rg3 Nxf1+ 40. Kg2 Nxe3+ 0-1

[Event "Sydney op-A"]
[Site "Parramatta"]
[Date "2013.04.06"]
[Round "7"]
[White "Brockman, Roland"]
[Black "Dibley, Shane"]
[Result "0-1"]
[WhiteElo "1708"]
[BlackElo "1671"]
[PlyCount "96"]
[EventDate "2013.04.03"]
[EventType "swiss"]
[EventRounds "9"]
[EventCountry "AUS"]
[SourceTitle "EXT 2023"]
[Source "ChessBase"]
[SourceDate "2022.10.05"]
[SourceVersion "1"]
[SourceVersionDate "2022.10.05"]
[SourceQuality "1"]

1. d4 f5 2. g3 e6 3. Bg2 Nf6 4. Nf3 Be7 5. 0-0 0-0 6. c4 d6 7. Nc3 Ne4 8. Qc2 Nxc3 9. bxc3 c6 10. e4 fxe4 11. Qxe4 d5 12. Qe2 Re8 13. Ne5 Bf6 14. f4 Nd7 15. Bh3 Nxe5 16. fxe5 Bg5 17. Qh5 Bxc1 18. Qf7+ Kh8 19. Raxc1 Bd7 20. Rb1 b6 21. c5 Re7 22. Qh5 Kg8 23. Rf4 Be8 24. Qe2 Bg6 25. Rbf1 Qc7 26. R1f2 bxc5 27. Qf1 h6 28. Rf8+ Rxf8 29. Rxf8+ Kh7 30. Qa6 cxd4 31. cxd4 Qb6 32. Qxb6 axb6 33. Rc8 Be8 34. Kf1 g6 35. Bg4 Kg7 36. Bd1 Kf7 37. Bb3 Ra7 38. Ke2 Bd7 39. Rh8 Kg7 40. Rb8 c5 41. Rxb6 c4 42. Bc2 Rxa2 43. Kd2 Ba4 44. Rb7+ Kf8 45. Rb8+ Ke7 46. Rb7+ Kd8 47. Rb8+ Kc7 48. Re8 Bxe8 0-1

[Event "Sydney op-A"]
[Site "Parramatta"]
[Date "2013.04.03"]
[Round "2"]
[White "Brockman, Roland"]
[Black "Cabilin, Jeff"]
[Result "0-1"]
[WhiteElo "1708"]
[BlackElo "1950"]
[PlyCount "58"]
[EventDate "2013.04.03"]
[EventType "swiss"]
[EventRounds "9"]
[EventCountry "AUS"]
[SourceTitle "EXT 2023"]
[Source "ChessBase"]
[SourceDate "2022.10.05"]
[SourceVersion "1"]
[SourceVersionDate "2022.10.05"]
[SourceQuality "1"]

1. d4 Nf6 2. Nf3 e6 3. e3 d5 4. Bd3 Be7 5. 0-0 0-0 6. Nbd2 Nbd7 7. c3 c5 8. e4 dxe4 9. Nxe4 Nxe4 10. Bxe4 Nf6 11. Bc2 Qc7 12. Qe2 b6 13. Bg5 Bb7 14. Rad1 Rfd8 15. Ne5 Rac8 16. Bb1 cxd4 17. cxd4 Qd6 18. f3 Qb4 19. Qd3 Rxd4 20. Qe2 Rxd1 21. Rxd1 Nd5 22. Bxe7 Qxe7 23. Kh1 Qg5 24. h3 Ne3 25. Nxf7 Kxf7 26. Rd7+ Ke8 27. Rxb7 Rc1+ 28. Kh2 Qe5+ 29. g3 Nf1+ 0-1

[Event "Australian op"]
[Site "Cammeray"]
[Date "2013.01.13"]
[Round "11"]
[White "Glissan, Paul"]
[Black "Brockman, Roland"]
[Result "1/2-1/2"]
[WhiteElo "1860"]
[BlackElo "1683"]
[PlyCount "97"]
[EventDate "2013.01.02"]
[EventType "swiss"]
[EventRounds "11"]
[EventCountry "AUS"]
[SourceTitle "CBM 152 Extra"]
[Source "ChessBase"]
[SourceDate "2013.02.25"]
[SourceVersion "1"]
[SourceVersionDate "2013.02.25"]
[SourceQuality "1"]

1. e4 Nf6 2. Nc3 e5 3. Bc4 c6 4. d4 Qa5 5. Bd2 exd4 6. Nd5 Qd8 7. Nxf6+ Qxf6 8. Nf3 d6 9. Ng5 Be6 10. Bxe6 fxe6 11. Qg4 Kd7 12. 0-0 h6 13. Nf3 Kc7 14. c3 dxc3 15. Bxc3 e5 16. Bd2 Nd7 17. b4 Be7 18. a4 Rag8 19. Ne1 g5 20. Be3 h5 21. Qe2 Ra8 22. Nc2 h4 23. Rfc1 Kd8 24. a5 h3 25. g3 Rf8 26. Ne1 Qe6 27. b5 c5 28. Rd1 Kc8 29. Nf3 g4 30. Nd2 Rg8 31. Nc4 Rg6 32. Qd3 Kd8 33. Rd2 Ke8 34. Rad1 Rd8 35. Nxd6+ Bxd6 36. Qxd6 Qf7 37. Qd3 Qf3 38. Qf1 b6 39. axb6 axb6 40. Rd3 Qxe4 41. f4 Rg8 42. Bc1 Ke7 43. f5 Nf6 44. R3d2 Rxd2 45. Rxd2 Rd8 46. Re2 Qd4+ 47. Be3 Qd1 48. Re1 Qd3 49. Bg5 1/2-1/2

[Event "Australian op"]
[Site "Cammeray"]
[Date "2013.01.12"]
[Round "10"]
[White "Brockman, Roland"]
[Black "Setiabudi, Megan"]
[Result "0-1"]
[WhiteElo "1683"]
[BlackElo "1809"]
[PlyCount "88"]
[EventDate "2013.01.02"]
[EventType "swiss"]
[EventRounds "11"]
[EventCountry "AUS"]
[SourceTitle "CBM 152 Extra"]
[Source "ChessBase"]
[SourceDate "2013.02.25"]
[SourceVersion "1"]
[SourceVersionDate "2013.02.25"]
[SourceQuality "1"]

1. d4 d5 2. Nf3 Nf6 3. e3 Bf5 4. Bd3 Bxd3 5. Qxd3 c6 6. 0-0 e6 7. c4 Nbd7 8. Nc3 Bd6 9. b3 0-0 10. Bb2 Rc8 11. Rac1 Re8 12. Rfd1 Qe7 13. e4 dxe4 14. Nxe4 Nxe4 15. Qxe4 Nf6 16. Qh4 Ba3 17. Bxa3 Qxa3 18. Rc2 Rcd8 19. h3 Qa5 20. c5 Qc7 21. Ne5 Qe7 22. Nc4 Nd5 23. Qxe7 Rxe7 24. Nd6 Nf6 25. Rcd2 Ne8 26. Nxe8 Rdxe8 27. f4 Rd7 28. Kf2 Red8 29. Ke3 f6 30. b4 Kf7 31. Ke4 Rd5 32. a4 a6 33. b5 e5 34. fxe5 fxe5 35. bxc6 bxc6 36. Rf1+ Ke6 37. Rfd1 exd4 38. Rxd4 Rxd4+ 39. Rxd4 Rxd4+ 40. Kxd4 Kf5 41. Ke3 Ke5 42. Kd3 Kd5 43. Kc3 Kxc5 44. Kb3 Kd4 0-1

[Event "Australian op"]
[Site "Cammeray"]
[Date "2013.01.10"]
[Round "8"]
[White "Brockman, Roland"]
[Black "Escribano, Jose"]
[Result "1-0"]
[WhiteElo "1683"]
[BlackElo "1824"]
[PlyCount "113"]
[EventDate "2013.01.02"]
[EventType "swiss"]
[EventRounds "11"]
[EventCountry "AUS"]
[SourceTitle "CBM 152 Extra"]
[Source "ChessBase"]
[SourceDate "2013.02.25"]
[SourceVersion "1"]
[SourceVersionDate "2013.02.25"]
[SourceQuality "1"]

1. d4 f5 2. Qd3 d6 3. e4 fxe4 4. Qxe4 Nf6 5. Qh4 Bf5 6. c4 Nc6 7. a3 e5 8. Ne2 Qd7 9. d5 Na5 10. Nd2 b5 11. b4 Nb7 12. Nc3 bxc4 13. Bxc4 Qf7 14. 0-0 Be7 15. Qg3 0-0 16. f3 Nh5 17. Qf2 Qg6 18. Nde4 Nd8 19. Qe2 Nf7 20. Kh1 Nf4 21. Bxf4 exf4 22. Rac1 Rae8 23. Qd2 Qh6 24. Bd3 Bh4 25. Ne2 Bxe4 26. Bxe4 Re7 27. Nd4 Ng5 28. Ne6 Bg3 29. h3 Nxh3 30. gxh3 Qxh3+ 31. Kg1 Rf6 32. Qg2 Qh5 33. Qh1 Bh4 34. Rc2 Rh6 35. Rh2 g5 36. Qg2 Qf7 37. Nxg5 Bxg5 38. Qxg5+ Qg7 39. Qxg7+ Kxg7 40. Rxh6 Kxh6 41. Rc1 Kg5 42. Rc6 h5 43. Ra6 Kh4 44. Rxa7 Kg3 45. Ra8 Rg7 46. Rh8 Rg5 47. Rh6 Kh3+ 48. Kf1 Kh2 49. Rg6 Re5 50. a4 Re8 51. Rh6 Re5 52. a5 h4 53. Rxh4+ Kg3 54. Rg4+ Kh3 55. Rg7 Kh4 56. Rxc7 Re8 57. a6 1-0

[Event "Australian op"]
[Site "Cammeray"]
[Date "2013.01.06"]
[Round "6"]
[White "Brockman, Roland"]
[Black "Egan, Bill"]
[Result "1/2-1/2"]
[WhiteElo "1683"]
[BlackElo "1716"]
[PlyCount "58"]
[EventDate "2013.01.02"]
[EventType "swiss"]
[EventRounds "11"]
[EventCountry "AUS"]
[SourceTitle "CBM 152 Extra"]
[Source "ChessBase"]
[SourceDate "2013.02.25"]
[SourceVersion "1"]
[SourceVersionDate "2013.02.25"]
[SourceQuality "1"]

1. d4 d5 2. Nf3 e6 3. e3 Nf6 4. Bd3 c5 5. c3 cxd4 6. exd4 Be7 7. 0-0 0-0 8. Ne5 Bd7 9. Bg5 h6 10. Bh4 Bc6 11. Nd2 Nbd7 12. f4 Ne8 13. Bxe7 Qxe7 14. Ndf3 Nd6 15. Qe2 a6 16. a4 Nf6 17. g4 Nfe4 18. Nxc6 bxc6 19. Bxa6 Qf6 20. Ne5 Qh4 21. Bd3 Rfc8 22. Qe1 Qf6 23. Bxe4 Nxe4 24. f5 Ra7 25. fxe6 Qxe6 26. h3 c5 27. Nf3 cxd4 28. Nxd4 Qb6 29. Ra2 Rc4 1/2-1/2

[Event "Queenstown op"]
[Site "Queenstown"]
[Date "2012.01.19"]
[Round "5"]
[White "Voon, Richard"]
[Black "Brockman, Roland"]
[Result "0-1"]
[WhiteElo "1933"]
[BlackElo "1703"]
[PlyCount "62"]
[EventDate "2012.01.15"]
[EventType "swiss"]
[EventRounds "9"]
[EventCountry "NZL"]
[SourceTitle "CBM 146 Extra"]
[Source "ChessBase"]
[SourceDate "2012.02.29"]
[SourceVersion "1"]
[SourceVersionDate "2012.02.29"]
[SourceQuality "1"]

1. Nf3 d5 2. d4 Nf6 3. c4 e6 4. Nc3 Be7 5. Bf4 0-0 6. e3 c5 7. a3 Nc6 8. dxc5 Bxc5 9. b4 Nxb4 10. axb4 Bxb4 11. Qb3 a5 12. Bd3 dxc4 13. Bxc4 b5 14. Be2 Nd5 15. Rc1 a4 16. Qb2 a3 17. Qa1 Qa5 18. Be5 Bxc3+ 19. Bxc3 Nxc3 20. Rxc3 b4 21. Rb3 Bd7 22. 0-0 Ba4 23. Rbb1 Bc2 24. Rbc1 b3 25. Rxc2 bxc2 26. Rc1 Rfc8 27. Bd3 Qc3 28. Bxc2 Qxa1 29. Bxh7+ Kxh7 30. Rxa1 a2 31. g3 Rcb8 0-1

[Event "Queenstown op"]
[Site "Queenstown"]
[Date "2012.01.15"]
[Round "1"]
[White "Machdoem, Karma Andhiko"]
[Black "Brockman, Roland"]
[Result "1-0"]
[WhiteElo "2129"]
[BlackElo "1703"]
[PlyCount "127"]
[EventDate "2012.01.15"]
[EventType "swiss"]
[EventRounds "9"]
[EventCountry "NZL"]
[SourceTitle "CBM 146 Extra"]
[Source "ChessBase"]
[SourceDate "2012.02.29"]
[SourceVersion "1"]
[SourceVersionDate "2012.02.29"]
[SourceQuality "1"]

1. Nf3 d5 2. c4 dxc4 3. Qa4+ Qd7 4. Qxc4 Qc6 5. e3 Qxc4 6. Bxc4 Nc6 7. d4 Bf5 8. Nc3 e6 9. e4 Bg4 10. Be3 Bxf3 11. gxf3 0-0-0 12. 0-0-0 Nf6 13. Rd2 Na5 14. Be2 Bb4 15. Rc2 Kb8 16. Nb5 Nc6 17. Rd1 a6 18. Nc3 Rd7 19. Bf1 Rhd8 20. Ne2 Ba5 21. a3 Bb6 22. Rcd2 Na5 23. Rd3 Nc4 24. Bg5 Ne5 25. Rc3 Bxd4 26. Rxd4 Rxd4 27. Nxd4 Rxd4 28. Kc2 Nfd7 29. Be3 Rd6 30. Be2 Rc6 31. Bd4 Rxc3+ 32. Bxc3 f6 33. h4 c5 34. h5 h6 35. f4 Nc6 36. Bg4 Nf8 37. Kd3 b5 38. Bd2 Kc7 39. Be3 c4+ 40. Kc3 Kd6 41. Bf3 e5 42. Bg4 Ne6 43. Bxe6 Kxe6 44. f5+ Kd6 45. Bb6 Ne7 46. a4 bxa4 47. Kxc4 Kc6 48. Bc5 Nc8 49. Bf8 Nd6+ 50. Kd3 Ne8 51. f3 Kb5 52. Kc3 a5 53. Ba3 Nc7 54. Be7 Ne8 55. Bf8 Kc6 56. Kc4 Kb6 57. Kd5 Nc7+ 58. Kd6 Nb5+ 59. Ke7 Nd4 60. Bxg7 Nxf3 61. Kxf6 Kc5 62. Bxh6 Kc4 63. Bc1 Kd3 64. h6 1-0

[Event "AUS-ch Major"]
[Site "Cammeray"]
[Date "2011.01.12"]
[Round "10"]
[White "Dickson, Ian C"]
[Black "Brockman, Roland"]
[Result "1-0"]
[WhiteElo "1856"]
[BlackElo "1727"]
[PlyCount "53"]
[EventDate "2011.01.02"]
[EventType "swiss"]
[EventRounds "11"]
[EventCountry "AUS"]
[SourceTitle "CBM 140 Extra"]
[Source "ChessBase"]
[SourceDate "2011.03.01"]
[SourceVersion "1"]
[SourceVersionDate "2011.03.01"]
[SourceQuality "1"]

1. e4 Nf6 2. e5 Nd5 3. c4 Nb6 4. d4 d6 5. Nf3 g6 6. Be2 Bg7 7. Nc3 0-0 8. 0-0 Nc6 9. Bf4 Bg4 10. exd6 cxd6 11. d5 Bxf3 12. Bxf3 Ne5 13. Bxe5 Bxe5 14. Qd3 Rc8 15. b3 a5 16. Rab1 Nd7 17. Ne4 Nc5 18. Qd2 Nxe4 19. Bxe4 a4 20. Qb4 axb3 21. Rxb3 Rc7 22. Bd3 Bd4 23. a4 b6 24. Qd2 Qa8 25. Ra3 Ra7 26. Bc2 Rc8 27. Qxd4 1-0